| 000 | 00484nam a2200181Ia 4500 | ||
|---|---|---|---|
| 008 | 240729s9999 xx 000 0 und d | ||
| 022 | _a2673-5768 | ||
| 245 | 0 | _aTourism and Hospitality | |
| 260 | _aSwitzerland | ||
| 260 | _bMDPI AG | ||
| 650 | _a Business | ||
| 650 | _a Commerce | ||
| 650 | _a Personnel management. Employment management | ||
| 650 | _aSocial Sciences | ||
| 856 | _uhttps://doaj.org/toc/526131a0f8024fef93edcdeab8979e9e | ||
| 942 | _2ddc | ||
| 942 | _cDOAJEJ | ||
| 999 |
_c71835 _d71835 |
||
| 945 |
_a1 _bMadushi Gamage _c1 _dMadushi Gamage |
||